| 000 | 00851nam a2200253Ia 4500 | ||
|---|---|---|---|
| 001 | 8768 | ||
| 003 | GE_BSU | ||
| 008 | 181216s||||||||xx |||||||||||||| ||und|| | ||
| 040 | _cGE_BSU | ||
| 080 | _a821.353.1-1 | ||
| 100 | _aივარდავა, დილარ | ||
| 245 | _aამერიკის დღეგასაყართან. | ||
| 245 | _bლექსები | ||
| 245 | _cრედ:ნანა გოგოძე;მხატვ:.გ.ღლონტი | ||
| 250 | _aკომკავშირის ბიბლიოთეკა | ||
| 260 | _aთბილისი. | ||
| 260 | _bნაკადული. | ||
| 260 | _c1984 | ||
| 300 | _a70გვ:20სმ; | ||
| 541 | _h20თ. | ||
| 653 | _aამერიკის დღეგასაყართან. | ||
| 653 | _aლექსები | ||
| 942 | _cBK | ||
| 999 |
_c42078 _d42078 |
||